[Event "Hessen-ch Seniors op 08th"]
[Site "Bad Sooden-Allendorf"]
[Date "2012.04.20"]
[Round "7"]
[White "Hoellger, Herbert"]
[Black "Schwichtenberg, Juergen"]
[Result "1-0"]
[WhiteElo "2050"]
[BlackElo "1824"]
[PlyCount "79"]
[EventDate "2012.04.14"]
[EventType "swiss"]
[EventRounds "9"]
[EventCountry "GER"]
[SourceTitle "EXT 2019"]
[Source "ChessBase"]
[SourceDate "2018.10.10"]
[SourceVersion "1"]
[SourceVersionDate "2018.10.10"]
[SourceQuality "1"]

1. d4 Nf6 2. Nf3 d5 3. e3 Bg4 4. Nbd2 e6 5. Be2 Be7 6. Ne5 Bxe2 7. Qxe2 0-0 8. 0-0 Nbd7 9. e4 c6 10. c3 dxe4 11. Nxe4 Nxe4 12. Qxe4 Bf6 13. Ng4 Be7 14. Qe2 Nf6 15. Ne5 Re8 16. Rd1 Bf8 17. Bg5 Be7 18. Rd3 Nd5 19. Bd2 g6 20. c4 Nf6 21. Rd1 Nh5 22. g4 Ng7 23. Rf3 f5 24. Bc3 Bf6 25. h3 Qc7 26. Rfd3 Rad8 27. Qe3 g5 28. Kg2 a6 29. c5 b5 30. cxb6 Qxb6 31. a4 Qb7 32. f3 Qb3 33. Ba5 Qxa4 34. Bxd8 Rxd8 35. Rc1 Rd6 36. Nc4 Rd8 37. Ne5 Rd6 38. Qd2 Qb5 39. Rc5 Qa4 40. Ra5 1-0

[Event "Niedersachsen-ch Seniors op 14th"]
[Site "Bad Bevensen"]
[Date "2011.07.10"]
[Round "6"]
[White "Hoellger, Herbert"]
[Black "Duemmke, Juergen"]
[Result "0-1"]
[WhiteElo "1833"]
[BlackElo "1996"]
[PlyCount "38"]
[EventDate "2011.07.05"]
[EventType "swiss"]
[EventRounds "9"]
[EventCountry "GER"]
[SourceTitle "EXT 2012"]
[Source "ChessBase"]
[SourceDate "2011.11.24"]
[SourceVersion "1"]
[SourceVersionDate "2011.11.24"]
[SourceQuality "1"]

1. d4 Nf6 2. Nf3 g6 3. Bf4 Bg7 4. e3 0-0 5. Bd3 c5 6. c3 d6 7. 0-0 Nc6 8. Qc2 Bg4 9. Nbd2 cxd4 10. exd4 Rc8 11. a3 Nd5 12. Be3 e5 13. Be4 Nxe3 14. fxe3 d5 15. Bd3 Bxf3 16. gxf3 Qg5+ 17. Kh1 Qxe3 18. Rae1 Qf4 19. Re2 Nxd4 0-1

[Event "Niedersachsen-ch Seniors op 13th"]
[Site "Bad Bevensen"]
[Date "2010.07.10"]
[Round "5"]
[White "Lenk, Konrad"]
[Black "Hoellger, Herbert"]
[Result "1/2-1/2"]
[WhiteElo "1753"]
[BlackElo "1850"]
[PlyCount "104"]
[EventDate "2010.07.06"]
[EventType "swiss"]
[EventRounds "9"]
[EventCountry "GER"]
[SourceTitle "EXT 2012"]
[Source "ChessBase"]
[SourceDate "2011.11.24"]
[SourceVersion "1"]
[SourceVersionDate "2011.11.24"]
[SourceQuality "1"]

1. f4 d5 2. d4 f5 3. e3 e6 4. Nf3 Nf6 5. Bd3 Bd6 6. 0-0 Nbd7 7. Nbd2 0-0 8. Ne5 Ne4 9. Nxd7 Bxd7 10. Nf3 Rf6 11. Bd2 Qe7 12. Be1 Rff8 13. Kh1 Be8 14. Bh4 Qf7 15. Bxe4 fxe4 16. Ng5 Qg6 17. g4 Bd7 18. Rg1 Rae8 19. Qe2 Be7 20. Qe1 Qh6 21. c3 Kh8 22. Rc1 b5 23. Rc2 Qg6 24. Nh3 Qh6 25. Bxe7 Rxe7 26. Qg3 Qg6 27. Rcg2 Kg8 28. Nf2 h6 29. h4 h5 30. gxh5 Qxh5 31. Qg5 Qxg5 32. hxg5 g6 33. Ng4 Kg7 34. Rh2 Rh8 35. Rgg2 Rh5 36. Nf6 Rxh2+ 37. Rxh2 Bc6 38. Rh7+ Kf8 39. Rh8+ Kg7 40. Rg8+ Kf7 41. Rh8 Kg7 42. Rh6 Rf7 43. Rh7+ Kf8 44. Rh8+ Ke7 45. Ng4 Be8 46. Nh6 Rf8 47. Rh7+ Kd6 48. b4 a6 49. Ng4 Rf7 50. Rh8 Ke7 51. Nf6 Rf8 52. Rh6 Bf7 1/2-1/2

[Event "Niedersachsen-ch Seniors op 13th"]
[Site "Bad Bevensen"]
[Date "2010.07.07"]
[Round "2"]
[White "Hoellger, Herbert"]
[Black "Miessner, Rolf"]
[Result "1/2-1/2"]
[WhiteElo "1850"]
[BlackElo "1577"]
[PlyCount "100"]
[EventDate "2010.07.06"]
[EventType "swiss"]
[EventRounds "9"]
[EventCountry "GER"]
[SourceTitle "EXT 2012"]
[Source "ChessBase"]
[SourceDate "2011.11.24"]
[SourceVersion "1"]
[SourceVersionDate "2011.11.24"]
[SourceQuality "1"]

1. d4 d5 2. Bf4 Bf5 3. e3 e6 4. c4 c6 5. Qb3 Qb6 6. c5 Qxb3 7. axb3 Nd7 8. b4 Ngf6 9. Nc3 Be7 10. Nf3 0-0 11. h3 h6 12. Nd2 Rfc8 13. g4 Bh7 14. f3 Bd8 15. Nb3 a6 16. Kd2 g5 17. Bh2 Ne8 18. Na5 Bxa5 19. bxa5 f6 20. Bd3 Bxd3 21. Kxd3 e5 22. b4 Nc7 23. Raf1 Ne6 24. Bg3 Re8 25. Rh2 exd4 26. exd4 Nf4+ 27. Bxf4 gxf4 28. Re2 f5 29. Rfe1 Rxe2 30. Rxe2 Kf7 31. Rg2 Re8 32. Re2 Rg8 33. Re1 Nf6 34. Re5 fxg4 35. hxg4 Nxg4 36. fxg4 Rxg4 37. Ne2 Kf6 38. Rh5 f3 39. Rxh6+ Kg7 40. Rh2 fxe2 41. Rxe2 Kf7 42. Re3 Rf4 43. Rh3 Kg7 44. Rg3+ Kf7 45. Ke3 Re4+ 46. Kd3 Rf4 47. Rh3 Kg7 48. Re3 Kf7 49. Re5 Rf3+ 50. Re3 Rf4 1/2-1/2

[Event "Niedersachsen-ch Seniors op 13th"]
[Site "Bad Bevensen"]
[Date "2010.07.06"]
[Round "1"]
[White "Dorst, Karl"]
[Black "Hoellger, Herbert"]
[Result "1-0"]
[WhiteElo "1602"]
[BlackElo "1850"]
[PlyCount "125"]
[EventDate "2010.07.06"]
[EventType "swiss"]
[EventRounds "9"]
[EventCountry "GER"]
[SourceTitle "EXT 2012"]
[Source "ChessBase"]
[SourceDate "2011.11.24"]
[SourceVersion "1"]
[SourceVersionDate "2011.11.24"]
[SourceQuality "1"]

1. e4 c5 2. Nf3 d6 3. d4 cxd4 4. Nxd4 Nf6 5. Nc3 a6 6. f3 e5 7. Nb3 Be6 8. Bg5 Nbd7 9. Qd2 h6 10. Be3 Be7 11. g4 Qc7 12. Bd3 d5 13. exd5 Nxd5 14. Nxd5 Bxd5 15. Rf1 0-0-0 16. 0-0-0 Nf6 17. Qe2 Rhe8 18. Kb1 Kb8 19. Qf2 Nd7 20. Bd2 Be6 21. h3 g5 22. Be4 Rc8 23. Be3 a5 24. Bd5 Bxd5 25. Rxd5 a4 26. Ra5 Qc6 27. Nc1 Bd8 28. Ba7+ Kc7 29. Rd1 Re7 30. Be3 b6 31. Rad5 Rb8 32. Qd2 Kc8 33. Rd6 Qc7 34. Rxh6 f6 35. h4 gxh4 36. Rxh4 Nf8 37. Qd6 Rd7 38. Qxc7+ Kxc7 39. Rxd7+ Kxd7 40. Rh1 Ke6 41. Ne2 Bc7 42. Rd1 Ng6 43. Nc3 b5 44. a3 Nh4 45. Rf1 Ng6 46. Rh1 Bb6 47. Bxb6 Rxb6 48. Rh7 Rb8 49. Rc7 Nh4 50. Rc6+ Kf7 51. Ne4 f5 52. Ng5+ Kg7 53. gxf5 b4 54. axb4 Rxb4 55. c3 Rb7 56. Ra6 Nxf5 57. Rxa4 Kf6 58. Ne4+ Ke7 59. Ra5 Ne3 60. Rxe5+ Kf8 61. Nd6 Rb6 62. Rxe3 Rxd6 63. f4 1-0

[Event "Oberfranken-ch Seniors"]
[Site "Bischofsgruen"]
[Date "2009.06.05"]
[Round "1"]
[White "Oser, Thor2222"]
[Black "Hoellger, Herbert"]
[Result "0-1"]
[WhiteElo "1855"]
[BlackElo "2074"]
[PlyCount "70"]
[EventDate "2009.06.05"]
[EventType "swiss"]
[EventRounds "9"]
[EventCountry "GER"]
[SourceTitle "EXT 2012"]
[Source "ChessBase"]
[SourceDate "2011.11.24"]
[SourceVersion "1"]
[SourceVersionDate "2011.11.24"]
[SourceQuality "1"]

1. e4 d5 2. exd5 Qxd5 3. Nf3 Nf6 4. Be2 a6 5. d4 Bg4 6. 0-0 Nc6 7. c4 Qd6 8. Be3 e6 9. Nc3 Be7 10. c5 Qd7 11. Qa4 0-0 12. Rad1 Rfd8 13. h3 Bh5 14. g4 Bg6 15. Nh4 Nd5 16. Nxg6 hxg6 17. Nxd5 Qxd5 18. Bc4 Qf3 19. Qc2 Qxh3 20. Qe4 g5 21. d5 exd5 22. Bxd5 Re8 23. Bxc6 bxc6 24. Qg2 Qxg2+ 25. Kxg2 Rad8 26. b3 Rd5 27. Rxd5 cxd5 28. Rd1 c6 29. Rd4 Bxc5 30. Ra4 Bxe3 31. fxe3 Rxe3 32. Rxa6 Rc3 33. a4 Rxb3 34. Rxc6 Rb4 35. a5 Rxg4+ 0-1

[Event "Niedersachsen-ch Seniors op 11th"]
[Site "Bad Bevensen"]
[Date "2008.07.13"]
[Round "6"]
[White "Niebling, Ferdinand"]
[Black "Hoellger, Herbert"]
[Result "1/2-1/2"]
[WhiteElo "2012"]
[BlackElo "1896"]
[PlyCount "50"]
[EventDate "2008.07.08"]
[EventType "swiss"]
[EventRounds "9"]
[EventCountry "GER"]
[SourceTitle "EXT 2022"]
[Source "ChessBase"]
[SourceDate "2021.10.06"]
[SourceVersion "1"]
[SourceVersionDate "2021.10.06"]
[SourceQuality "1"]

1. e4 c5 2. Nc3 d6 3. Nf3 a6 4. d4 cxd4 5. Nxd4 Nf6 6. Be2 e5 7. Nb3 Be7 8. Be3 Be6 9. 0-0 0-0 10. Qd2 Nbd7 11. f3 Qc7 12. Rfd1 Rfc8 13. Qe1 b5 14. Rac1 Nb6 15. Bxb6 Qxb6+ 16. Qf2 Qxf2+ 17. Kxf2 Rc7 18. Nd5 Bxd5 19. exd5 Rac8 20. c3 Nd7 21. Na5 Nb6 22. g3 Rc5 23. Nb7 R5c7 24. Na5 Rc5 25. Nb7 R5c7 1/2-1/2

[Event "Niedersachsen-ch Seniors op 11th"]
[Site "Bad Bevensen"]
[Date "2008.07.11"]
[Round "4"]
[White "Bakhmatov, Eduard"]
[Black "Hoellger, Herbert"]
[Result "1-0"]
[WhiteElo "2232"]
[BlackElo "1896"]
[PlyCount "57"]
[EventDate "2008.07.08"]
[EventType "swiss"]
[EventRounds "9"]
[EventCountry "GER"]
[SourceTitle "EXT 2022"]
[Source "ChessBase"]
[SourceDate "2021.10.06"]
[SourceVersion "1"]
[SourceVersionDate "2021.10.06"]
[SourceQuality "1"]

1. e4 c5 2. Nf3 d6 3. d4 cxd4 4. Nxd4 Nf6 5. Nc3 a6 6. Bc4 e6 7. Bb3 Nbd7 8. Bg5 Nc5 9. Qe2 Be7 10. f4 Nxb3 11. axb3 Nd7 12. Bxe7 Qxe7 13. 0-0 0-0 14. Rad1 Nf6 15. Rd3 b5 16. e5 Ne8 17. exd6 Nxd6 18. Nc6 Qc7 19. Qe5 Qb6+ 20. Kh1 Nf5 21. Rd6 Nxd6 22. Qxd6 Qb7 23. Ne7+ Kh8 24. Ng6+ hxg6 25. Qxf8+ Kh7 26. Rd1 e5 27. Rd8 g5 28. f5 Bxf5 29. Rxa8 1-0

[Event "Niedersachsen-ch Seniors op 11th"]
[Site "Bad Bevensen"]
[Date "2008.07.08"]
[Round "1"]
[White "Hoellger, Herbert"]
[Black "Janzen, Christian"]
[Result "1-0"]
[WhiteElo "1896"]
[BlackElo "1540"]
[PlyCount "55"]
[EventDate "2008.07.08"]
[EventType "swiss"]
[EventRounds "9"]
[EventCountry "GER"]
[SourceTitle "EXT 2022"]
[Source "ChessBase"]
[SourceDate "2021.10.06"]
[SourceVersion "1"]
[SourceVersionDate "2021.10.06"]
[SourceQuality "1"]

1. d4 d5 2. Bf4 e6 3. e3 f5 4. g4 Nf6 5. g5 Ne4 6. h4 Be7 7. Nd2 Nxd2 8. Qxd2 Nd7 9. Be2 g6 10. Nf3 Nf8 11. 0-0-0 Bd6 12. Be5 Bxe5 13. Nxe5 c6 14. f4 Nd7 15. h5 Nxe5 16. dxe5 Kf7 17. Bf3 Bd7 18. Rh3 Qe7 19. Rdh1 Kg7 20. Qh2 Be8 21. hxg6 Bxg6 22. Bh5 Qe8 23. Bxg6 hxg6 24. Rh7+ Rxh7 25. Qxh7+ Kf8 26. Qh8+ Ke7 27. Rh7+ Kd8 28. Qf6+ 1-0

[Event "Hessen-ch Seniors op 04th"]
[Site "Bad Sooden-Allendorf"]
[Date "2008.05.02"]
[Round "9"]
[White "Hoellger, Herbert"]
[Black "Villing, Dieter"]
[Result "0-1"]
[WhiteElo "1915"]
[BlackElo "2037"]
[PlyCount "86"]
[EventDate "2008.04.24"]
[EventType "swiss"]
[EventRounds "9"]
[EventCountry "GER"]
[SourceTitle "EXT 2022"]
[Source "ChessBase"]
[SourceDate "2021.10.06"]
[SourceVersion "1"]
[SourceVersionDate "2021.10.06"]
[SourceQuality "1"]

1. d4 d6 2. Nf3 Bg4 3. e3 Nd7 4. Be2 Ngf6 5. b3 e5 6. 0-0 e4 7. Nfd2 Bxe2 8. Qxe2 d5 9. c4 c6 10. f3 exf3 11. Qxf3 Be7 12. e4 dxe4 13. Nxe4 0-0 14. Nbc3 Nxe4 15. Nxe4 Nf6 16. Be3 Nxe4 17. Qxe4 Bf6 18. Rad1 Re8 19. Qf3 Qa5 20. Rf2 Rad8 21. Rfd2 Rd7 22. a4 Qb4 23. Bf2 Bd8 24. Rd3 Bb6 25. Qg4 Rde7 26. Kf1 Bc7 27. g3 Bb6 28. Qf3 Re6 29. R3d2 Rf6 30. Qd3 g6 31. Kg2 Rf5 32. Re1 Rd8 33. Qe2 Qxb3 34. Rb2 Qxa4 35. g4 Rf4 36. Qe7 Qa5 37. c5 Bc7 38. Bg3 Rxg4 39. Rf1 Rf8 40. Rxb7 Bxg3 41. hxg3 Qd2+ 42. Kh3 Rxd4 43. Rxa7 Rd5 0-1

[Event "Hessen-ch Seniors op 04th"]
[Site "Bad Sooden-Allendorf"]
[Date "2008.04.27"]
[Round "4"]
[White "Vink, Wim"]
[Black "Hoellger, Herbert"]
[Result "1-0"]
[WhiteElo "2096"]
[BlackElo "1915"]
[PlyCount "87"]
[EventDate "2008.04.24"]
[EventType "swiss"]
[EventRounds "9"]
[EventCountry "GER"]
[SourceTitle "EXT 2022"]
[Source "ChessBase"]
[SourceDate "2021.10.06"]
[SourceVersion "1"]
[SourceVersionDate "2021.10.06"]
[SourceQuality "1"]

1. Nf3 Nf6 2. c4 g6 3. g3 Bg7 4. Bg2 0-0 5. 0-0 c5 6. d4 cxd4 7. Nxd4 Nc6 8. Nc3 Qb6 9. Ndb5 a6 10. Na3 d6 11. Rb1 Bf5 12. e4 Bg4 13. Qe1 Be6 14. Be3 Qb4 15. Nd5 Bxd5 16. exd5 Qxe1 17. Rfxe1 Nb4 18. Bd2 Nd3 19. Re3 Ne5 20. f4 Nfg4 21. fxe5 Nxe3 22. Bxe3 Bxe5 23. b4 b5 24. c5 Rfb8 25. Nc2 Kf8 26. Bh3 f5 27. c6 Kf7 28. Bg2 a5 29. bxa5 Rxa5 30. a3 Ke8 31. c7 Rc8 32. Bb6 Ra6 33. Rxb5 Kd7 34. Bf1 Rxb6 35. Rxb6 Rxc7 36. Bb5+ Kc8 37. Rc6 Rxc6 38. Bxc6 Kc7 39. Be8 g5 40. Kf2 Kb6 41. a4 Bc3 42. Bd7 Kc5 43. Bxf5 Kxd5 44. Bxh7 1-0

[Event "Hessen-ch Seniors op 04th"]
[Site "Bad Sooden-Allendorf"]
[Date "2008.04.24"]
[Round "1"]
[White "Hoellger, Herbert"]
[Black "Hoenisch, Florian"]
[Result "1-0"]
[WhiteElo "1915"]
[BlackElo "1624"]
[PlyCount "57"]
[EventDate "2008.04.24"]
[EventType "swiss"]
[EventRounds "9"]
[EventCountry "GER"]
[SourceTitle "EXT 2022"]
[Source "ChessBase"]
[SourceDate "2021.10.06"]
[SourceVersion "1"]
[SourceVersionDate "2021.10.06"]
[SourceQuality "1"]

1. d4 d5 2. c4 e6 3. Nc3 Nf6 4. e3 Nbd7 5. Qb3 c6 6. Bd2 Be7 7. Nf3 0-0 8. Bd3 dxc4 9. Bxc4 Nb6 10. Be2 Nfd5 11. Ne5 Bd6 12. Rd1 Qe7 13. 0-0 a6 14. Qc2 c5 15. Nf3 Qc7 16. Rc1 cxd4 17. exd4 Bd7 18. Nxd5 Nxd5 19. Qe4 Bc6 20. Bd3 Nf6 21. Qh4 Qd8 22. Bg5 h6 23. Bxh6 gxh6 24. Rxc6 bxc6 25. Qxh6 Re8 26. Ng5 Bf4 27. Bh7+ Kh8 28. Bg6+ Kg8 29. Bxf7# 1-0

[Event "Hessen-ch Seniors op 03rd"]
[Site "Bad Sooden-Allendorf"]
[Date "2007.05.03"]
[Round "6"]
[White "Hoellger, Herbert"]
[Black "Strozewski, Guenter"]
[Result "1-0"]
[WhiteElo "1893"]
[BlackElo "1621"]
[PlyCount "55"]
[EventDate "2007.04.27"]
[EventType "swiss"]
[EventRounds "9"]
[EventCountry "GER"]
[SourceTitle "EXT 2022"]
[Source "ChessBase"]
[SourceDate "2021.10.06"]
[SourceVersion "1"]
[SourceVersionDate "2021.10.06"]
[SourceQuality "1"]

1. Nf3 Nf6 2. d4 e6 3. Bf4 b6 4. e3 Bb7 5. Nbd2 Nh5 6. Bg5 Be7 7. Bxe7 Qxe7 8. c3 Nf6 9. Bd3 c5 10. Qe2 cxd4 11. exd4 Nd5 12. g3 Nf6 13. h3 h6 14. 0-0-0 a5 15. g4 a4 16. a3 b5 17. Ne4 b4 18. cxb4 Na6 19. Nc5 Nxc5 20. dxc5 Rc8 21. Kb1 Nd5 22. Be4 0-0 23. Bxd5 Bxd5 24. Rxd5 Qf6 25. Rxd7 e5 26. Rd6 Qf4 27. Re1 Rfe8 28. Qe4 1-0

[Event "Hessen-ch Seniors op 03rd"]
[Site "Bad Sooden-Allendorf"]
[Date "2007.04.28"]
[Round "1"]
[White "Hoellger, Herbert"]
[Black "Kempf, Gerhard"]
[Result "1-0"]
[WhiteElo "1893"]
[BlackElo "1549"]
[PlyCount "71"]
[EventDate "2007.04.27"]
[EventType "swiss"]
[EventRounds "9"]
[EventCountry "GER"]
[SourceTitle "EXT 2022"]
[Source "ChessBase"]
[SourceDate "2021.10.06"]
[SourceVersion "1"]
[SourceVersionDate "2021.10.06"]
[SourceQuality "1"]

1. d4 Nf6 2. Bf4 d5 3. e3 Bf5 4. c4 c6 5. Nc3 e6 6. Qb3 Qb6 7. c5 Qxb3 8. axb3 a6 9. b4 Be7 10. Be2 0-0 11. Nf3 Nbd7 12. Ne5 Nxe5 13. Bxe5 Nd7 14. Bg3 Rfe8 15. 0-0 f6 16. f4 Bg6 17. Rfd1 f5 18. Ra2 Bd8 19. b5 a5 20. b6 Nf6 21. Rda1 Ng4 22. Bf2 Nxf2 23. Kxf2 Bf6 24. b4 axb4 25. Rxa8 bxc3 26. Rxe8+ Bxe8 27. Rc1 g5 28. g3 h5 29. Ba6 h4 30. Bxb7 g4 31. Bc8 Bd8 32. Bxe6+ Kg7 33. Bxf5 hxg3+ 34. hxg3 Bg6 35. Bxg6 Kxg6 36. Rxc3 1-0

[Event "Hessen-ch Seniors op 02nd"]
[Site "Bad Sooden-Allendorf"]
[Date "2006.05.07"]
[Round "6"]
[White "Hoellger, Herbert"]
[Black "Bendisch, Juergen"]
[Result "1-0"]
[WhiteElo "1913"]
[BlackElo "1700"]
[PlyCount "73"]
[EventDate "2006.04.25"]
[EventType "swiss"]
[EventRounds "9"]
[EventCountry "GER"]
[SourceTitle "EXT 2007"]
[Source "ChessBase"]
[SourceDate "2006.11.23"]
[SourceVersion "1"]
[SourceVersionDate "2006.11.23"]
[SourceQuality "1"]

1. Nf3 d5 2. c4 c6 3. b3 Nf6 4. g3 Bf5 5. Bg2 h6 6. Bb2 Nbd7 7. 0-0 e6 8. d3 Be7 9. Nbd2 0-0 10. a3 a5 11. Rc1 Rc8 12. Rc2 Bh7 13. Qa1 Ne8 14. Rfc1 Bf6 15. cxd5 Bxb2 16. Qxb2 exd5 17. Bh3 Ra8 18. b4 Nd6 19. Nd4 Nf6 20. b5 cxb5 21. Nxb5 Rb8 22. Nf3 Bf5 23. Bxf5 Nxf5 24. Qe5 Ne7 25. a4 Nc6 26. Qb2 Re8 27. Kg2 Qd7 28. Qb3 Re7 29. Nfd4 Nxd4 30. Nxd4 Qd8 31. Rc5 Kh7 32. Rb1 Rc8 33. Rb5 Rec7 34. Rxb7 Ng4 35. Rxc7 Rxc7 36. h3 Nf6 37. Nf3 1-0

[Event "Hessen-ch Seniors op 02nd"]
[Site "Bad Sooden-Allendorf"]
[Date "2006.05.03"]
[Round "9"]
[White "Tuertmann, Dieter"]
[Black "Hoellger, Herbert"]
[Result "1-0"]
[WhiteElo "1886"]
[BlackElo "1913"]
[PlyCount "173"]
[EventDate "2006.04.25"]
[EventType "swiss"]
[EventRounds "9"]
[EventCountry "GER"]
[SourceTitle "EXT 2007"]
[Source "ChessBase"]
[SourceDate "2006.11.23"]
[SourceVersion "1"]
[SourceVersionDate "2006.11.23"]
[SourceQuality "1"]

1. e4 d5 2. exd5 Qxd5 3. Nc3 Qa5 4. Nf3 c6 5. Be2 Nf6 6. 0-0 Bg4 7. h3 Bh5 8. d4 Nbd7 9. Bf4 e6 10. a3 Be7 11. Nd2 Qf5 12. Bh2 Bxe2 13. Nxe2 0-0 14. c3 c5 15. Nf3 Rfd8 16. Ng3 Qd5 17. Qe2 Bd6 18. Rad1 Qb3 19. Rfe1 Nd5 20. Ne4 Bxh2+ 21. Kxh2 Qb6 22. g3 cxd4 23. Rxd4 N7f6 24. Ne5 Nxe4 25. Rxe4 Nf6 26. Rb4 Qc7 27. Qf3 Rab8 28. Re2 Rd5 29. Ng4 Rf5 30. Nxf6+ Rxf6 31. Qe4 Rf5 32. Kg2 Rd5 33. a4 Rbd8 34. c4 R5d7 35. b3 a6 36. c5 Rd5 37. Rc4 Qc6 38. h4 Rxc5 39. Rxc5 Qxc5 40. Qxb7 a5 41. Re3 h6 42. Rf3 f6 43. Qa6 Qd5 44. Qc4 Qxc4 45. bxc4 Rc8 46. Rc3 Rc5 47. f4 Kf7 48. Kf3 Ke7 49. Ke4 Kd6 50. Kd3 e5 51. Rb3 e4+ 52. Kd4 f5 53. Rb6+ Rc6 54. c5+ Kc7 55. Rb5 Re6 56. Ke3 Ra6 57. h5 Kc6 58. g4 fxg4 59. Kxe4 Ra8 60. f5 Re8+ 61. Kf4 Rd8 62. Rxa5 Rd4+ 63. Kg3 Rc4 64. Ra7 Rxc5 65. Rxg7 Rc3+ 66. Kh4 Kd5 67. f6 Ke6 68. f7 Ke7 69. Rxg4 Kxf7 70. Re4 Rc5 71. Rb4 Ra5 72. Rg4 Ra6 73. Kg3 Ra5 74. Rh4 Kf6 75. Kf3 Kg5 76. Rb4 Ra6 77. Rb5+ Kh4 78. a5 Rf6+ 79. Ke4 Ra6 80. Kd4 Kg4 81. Kc4 Rf6 82. Rd5 Rf1 83. a6 Ra1 84. Kb5 Rb1+ 85. Kc6 Rc1+ 86. Kb6 Rb1+ 87. Rb5 1-0

[Event "Hessen-ch Seniors op 02nd"]
[Site "Bad Sooden-Allendorf"]
[Date "2006.05.02"]
[Round "8"]
[White "Hoellger, Herbert"]
[Black "Drosson, Franz"]
[Result "1/2-1/2"]
[WhiteElo "1913"]
[BlackElo "1761"]
[PlyCount "103"]
[EventDate "2006.04.25"]
[EventType "swiss"]
[EventRounds "9"]
[EventCountry "GER"]
[SourceTitle "EXT 2007"]
[Source "ChessBase"]
[SourceDate "2006.11.23"]
[SourceVersion "1"]
[SourceVersionDate "2006.11.23"]
[SourceQuality "1"]

1. Nf3 Nf6 2. g3 d5 3. Bg2 c6 4. b3 Nbd7 5. Bb2 Qc7 6. d4 e6 7. 0-0 Be7 8. Nbd2 b6 9. Re1 0-0 10. Rc1 Bb7 11. c4 Qd8 12. Ne5 Rc8 13. a3 c5 14. e3 Re8 15. Ndf3 dxc4 16. bxc4 cxd4 17. exd4 Nxe5 18. Nxe5 Bxg2 19. Kxg2 Rc7 20. Qc2 Bd6 21. Nf3 Qe7 22. Qd3 Qd8 23. Kg1 h6 24. Ne5 Bxe5 25. Rxe5 Nd7 26. Re3 Qc8 27. Qe2 Nf6 28. g4 b5 29. c5 Nd5 30. Rg3 a6 31. g5 hxg5 32. Rxg5 Qd8 33. Re5 Ree7 34. Qe4 Qe8 35. Re1 f5 36. Qe2 Qg6+ 37. Kh1 Kf7 38. Rg1 Qh7 39. Qf3 Rcd7 40. Ree1 Rd8 41. Rg2 Rh8 42. Reg1 g5 43. Bc1 g4 44. Qg3 Ree8 45. Re1 Qg7 46. Rd1 Rh3 47. Qd6 Reh8 48. Re1 Re8 49. Rd1 Reh8 50. Qd7+ Kf6 51. Qd6 Kf7 52. Re1 1/2-1/2